00590nam a2200193 i 4500001000700000003000900007007000300016008004100019080001000060100001900070245009500089260003400184300002200218490003300240650004100273700003100314830003000345852002100375124553ES-MaACLt|070329s1936 sp ||||1| spa d a341.91 aWolff, Martin.10aDerecho internacional privado / cMartin Wolff ; traducción de José Rovira y Ermengol. aBarcelona : bLabor, c[1936] a375 p. ; c17 cm.1 aColección Labor ; v387-8817aDerecho internacional privado2embne1 aRovira y Ermengol, José.00aColección Laborv387-88 aES-MaACLjE-2857